000 00525nam a22001817a 4500
003 NUST - PNEC
005 20170116180819.0
008 150615b xxu||||| |||| 00| 0 eng d
020 _a0521635128
040 _cLIBRARY
082 _a510 BAY
100 _93998
_aSchool Mathematics Project
245 _aMathematics for A and AS levels pure mathematics
_cSchool Mathematics Project
260 _aNew York
_bCambridge University Press
_cc1997.
300 _a761 p. :
650 _93999
_aMathematics
_xME
942 _2ddc
_cBK
999 _c63675
_d63675